| 000 | 00785cam a2200253Ka 4500 | ||
|---|---|---|---|
| 001 | zsdlsd b837151 | ||
| 003 | OCoLC | ||
| 005 | 20250118115009.0 | ||
| 008 | 970718s1997 ag a j 000 1 spa d | ||
| 020 | _a9501111466 (pbk.) | ||
| 040 |
_aLPU _cLPU _dJTB |
||
| 092 | 0 | _aE SPA/MARINO | |
| 100 | 1 |
_aMari©ło, Ricardo, _d1957- |
|
| 245 | 1 | 3 |
_aEl jaguar enamorado / _ccuento de Ricardo Mari©ło ; ilustraciones de Nora Hilb. |
| 260 |
_aBuenos Aires : _bEditorial Sigmar, _cc1997. |
||
| 300 |
_a32 p. : _bcol. ill. ; _c28 cm. |
||
| 440 | 0 | _aColecci©đn Cuentos del bosque. | |
| 500 | _a"Es una edici©đn Sigmar"--P. [4] of cover. | ||
| 521 | 1 | _a007-012. | |
| 650 | 0 |
_aJaguar _vJuvenile fiction. |
|
| 650 | 0 |
_aAnimals _vJuvenile fiction. |
|
| 700 | 1 | _aNilb, Nora. | |
| 942 | _cBK | ||
| 999 |
_c30373 _d30371 |
||